| 000 | 01166nam a2200277 i 4500 | ||
|---|---|---|---|
| 003 | DO-SdBNP | ||
| 005 | 20240904143610.0 | ||
| 007 | ta | ||
| 008 | 240904s2009 xxu 000 j spa d | ||
| 020 | _a9780764205088 (pbk) | ||
| 040 |
_aDO-SdBNP _bspa _cBNPHU _erda |
||
| 082 |
_bS271f _222 |
||
| 100 | 1 |
_aSawyer, Kim Vogel _911765 _eautora |
|
| 245 | 1 | 0 |
_aFields of grace / _cKim Vogel Sawyer |
| 264 | 1 |
_aMinnesota, Estados Unidos : _bBethany house publishers, _c2009. |
|
| 300 |
_a341 páginas, _c22 cm. |
||
| 336 |
_2rdacontent _atexto _btxt |
||
| 337 |
_2rdamedia _asin mediación _bn |
||
| 338 |
_2rdacarrier _avolumen _bnc |
||
| 520 | _aCon su hijo mayor a punto de ser reclutado para el servicio militar, Reinhardt y Lillian Vogt deciden emigrar a Estados Unidos con sus tres hijos y el hermano adoptivo de Reinhardt. Después de que ocurre una tragedia durante el viaje, sus sueños esperanzadores se convierten en polvo. ¿Podrán mantener la fe de sus padres en una nueva tierra? | ||
| 590 | _aInventariado, 2024/ YL | ||
| 650 | 4 |
_aInmigrantes _vFicción. _986524 |
|
| 650 | 4 |
_aMenonitas _vFicción. _986525 |
|
| 910 | _aYLockward | ||
| 942 |
_2ddc _cLBS1 |
||
| 999 |
_c57628 _d57628 |
||